Sports Quiz

Random Sports or Christmas Quiz
Score 0/18 Timer 07:00
0 Plays Today
Question Answer % Correct
Who is the 2018 drivers' champion?Lewis Hamilton
96.8%
Who came runner-up in 2018?Sebastian Vettel
96.3%
Who is the 2018 constructors' champion?Mercedes
95.7%
Which champion retired at the end of 2018?Fernando Alonso
94.7%
Who took their first win for 5 years in 2018?Kimi Räikkönen
93.9%
Which Monegasque driver debuted in 2018?Charles Leclerc
93.9%
Who was 18 when they won their first race?Max Verstappen
92.8%
Which Finnish driver has 18 poles?Kimi Räikkönen
92.3%
Which Russian driver debuted in 2018?Sergey Sirotkin
88.8%
Question Answer % Correct
Which American driver has 18 poles?Mario Andretti
86.1%
Which driver won his first race from 18th on the grid (in 2000)?Rubens Barrichello
78.4%
Which current driver uses the race number 18?Lance Stroll
72.3%
Who was the 18th different F1 champion?Alan Jones
69.9%
Which French driver has 18 poles?René Arnoux
64%
Which 2018 driver has 18 career points?Marcus Ericsson
63.2%
Which British driver has 18 fastest laps?David Coulthard
60.8%
Which German driver has 18 podiums?Heinz-Harald Frentzen
60.5%
Which British champion has 18 podiums?Mike Hawthorn
60.5%
Remove Ads.
Support Sporcle.
Get the best of Sporcle when you Go Orange. This ad-free experience offers more features, more stats, and more fun while also helping to support Sporcle. Thank you for becoming a member.

You're not logged in!

Compare scores with friends on all Sporcle quizzes.
OR
Log In

Show Comments

Extras

Top Quizzes Today


Score Distribution

Your Account Isn't Verified!

In order to create a playlist on Sporcle, you need to verify the email address you used during registration. Go to your Sporcle Settings to finish the process.

Report this User

Report this user for behavior that violates our Community Guidelines.

Details: